期刊信息 |
| 索取号 |
Z8/SA
|
| 题名 |
SOCIOLOGICAL ABSTRACTS
|
| 作者 |
|
| 分册号 |
|
| 分册名 |
|
| 出版地 |
|
| 出版者 |
|
| 标准刊号 |
|
| 出版频率 |
月刊
|
| 中图法分类 |
Z8
|
| 主题词 |
图书目录; 文摘; 索引
|
| 电子资源 | |
| |
|
| 000 | 00532nas0 2200181 45 | |
| 001 | 0736350389 | |
| 005 | 20070416102321.28 | |
| 100 | @a20070416d km y0chiy0120 ea | |
| 101 | 0 | @aeng |
| 200 | 1 | @aSOCIOLOGICAL ABSTRACTS |
| 207 | @aBeginning with Volume 32,1984,each section of the SA issue will be preceded by a colored sheet which describes the content of the section that follows. | |
| 326 | @a月刊 | |
| 606 | 0 | @a图书目录 |
| 606 | 0 | @a文摘 |
| 606 | 0 | @a索引 |
| 690 | @aZ8@v4 | |
| 801 | 0 | @aCN@bPFT@c20070416 |
| 905 | @aTJWY@dZ8@eSA | |
| SOCIOLOGICAL ABSTRACTS.-Beginning with Volume 32,1984,each section of the SA issue will be preceded by a colored sheet which describes the content of the section that follows. |
| ● |
| 相关链接: |
|
|
|
|